Statistics for 叱咤樂壇男歌手

Click here to take the quiz!

General Stats

  • This quiz has been taken 23 times
    (4 since last reset)
  • The average score is 19 of 28

Answer Stats

Answer% Correct
黎明
100%
古巨基
100%
陳柏宇
100%
張敬軒
100%
陳奕迅
100%
郭富城
100%
MC張天賦
100%
張國榮
67%
許志安
67%
林家謙
67%
馮允謙
67%
陳小春
67%
譚詠麟
67%
謝霆鋒
67%
許廷鏗
67%
林子祥
67%
李克勤
67%
張學友
67%
周柏豪
67%
劉德華
67%
側田
67%
陳卓賢
67%
倫永亮
33%
梁漢文
33%
方大同
33%
周華健
33%
陳百強
33%
周國賢
33%

Score Distribution

Percentile by Number Answered

Percent of People with Each Score

Your Score History

You have not taken this quiz since the last reset